000 nam a22 7a 4500
999 _c47128
_d47128
003 OSt
005 20190503114920.0
008 190503b xxu||||| |||| 00| 0 eng d
040 _csero soft
100 _asingh,surender
245 _avidhayalya prabandh evem niojan
260 _ajaipur,
_bswati
300 _a152
942 _2ddc
_c01